000 01258nam a2200337 c 4500
003 BLK
005 20250718135751.0
008 180408b bul|||||r ||||||| ||bul||
010 _aKNG00089782000
020 _a978-954-769-202-2
_bиздат.: Обсидиан
040 _aBLK
041 _aBUL
_cBUL
080 _aБразилска литература
_b821.134.3(81)
_x-31
_z821.134.3(81)-31
100 1 _aКоелю, Паулу
_eпърви автор
_980439
700 1 _aКиркова, Вера
_eпрев. от португ.
_9368156
139 _aКоелю, Паулу
_bК 73
245 1 0 _aПобедителят е сам
_bРоман
_cПаулу Коелю; прев. от португ. Вера Киркова.
257 _aBRA
260 София
_bОбсидиан
_c2009
_fВ. Търново : Абагар
300 _a384 с.
_c21 см
380 _aX
490 1 _aБиблиотека Паулу Коелю
500 _aОриг. загл. O vencedor esta so / Paulo Coelho.
653 _aромани
852 _aЦб 244211
856 4 _qpdf
_u
856 4 _qpdf
_u
942 _cKNG
_n0
_021
944 _aCR
_c08.06.2009
_lМартин Енчев
_k30575
944 _aED
_c10.06.2009
_lф /
_k
999 _c85186
_d85186